Toward an Evangelical missiology of humanitarian aid ministry / (Record no. 24880)
[ view plain ]
| 000 -LEADER | |
|---|---|
| fixed length control field | 00735nam a22002291a 4500 |
| 005 - DATE AND TIME OF LATEST TRANSACTION | |
| control field | 20110718125257.0 |
| 008 - FIXED-LENGTH DATA ELEMENTS--GENERAL INFORMATION | |
| fixed length control field | 090817s2007 001 0 eng d |
| 020 ## - INTERNATIONAL STANDARD BOOK NUMBER | |
| International Standard Book Number | 9536110032 : |
| Terms of availability | 0.00 |
| 040 ## - CATALOGING SOURCE | |
| Original cataloging agency | NEGST Library - Kenya |
| 082 0# - DEWEY DECIMAL CLASSIFICATION NUMBER | |
| Classification number | BV 2063.B35 2007 |
| 100 1# - MAIN ENTRY--PERSONAL NAME | |
| Personal name | Balog, Antal. |
| 245 10 - TITLE STATEMENT | |
| Title | Toward an Evangelical missiology of humanitarian aid ministry / |
| Statement of responsibility, etc | Antal Balog. |
| 260 ## - PUBLICATION, DISTRIBUTION, ETC. (IMPRINT) | |
| Place of publication, distribution, etc | Osijek, Croatia : |
| Name of publisher, distributor, etc | Evangelical Theological Seminary, |
| Date of publication, distribution, etc | 2007. |
| 300 ## - PHYSICAL DESCRIPTION | |
| Extent | 325 p.; |
| 440 #0 - SERIES STATEMENT/ADDED ENTRY--TITLE | |
| Title | Theologia Evangelica Missiologica |
| 500 ## - GENERAL NOTE | |
| General note | Includes bibliography. |
| 600 10 - SUBJECT ADDED ENTRY--PERSONAL NAME | |
| Personal name | Christian missions. |
| 600 10 - SUBJECT ADDED ENTRY--PERSONAL NAME | |
| Personal name | Humanitarian aid. |
| 600 10 - SUBJECT ADDED ENTRY--PERSONAL NAME | |
| Personal name | Missions. |
| 600 10 - SUBJECT ADDED ENTRY--PERSONAL NAME | |
| Personal name | Missiology. |
| 852 ## - LOCATION/CALL NUMBER | |
| -- | 25.00 |
| Withdrawn status | Lost status | Source of classification or shelving scheme | Damaged status | Not for loan | Collection code | Home library | Current library | Shelving location | Date acquired | Cost, normal purchase price | Total Checkouts | Full call number | Barcode | Date last seen | Date checked out | Copy number | Price effective from | Koha item type |
|---|---|---|---|---|---|---|---|---|---|---|---|---|---|---|---|---|---|---|
| Library of Congress Classification | General Circulation | AIU/NEGST - Tony Wilmot Memorial Library | AIU/NEGST - Tony Wilmot Memorial Library | General Stacks | 12/18/2009 | 25.00 | 1 | BV 2063.B35 2007 | R42340L3232 | 09/26/2019 | 12/17/2018 | 1 | 12/18/2009 | Books |
